000 01157nac a22003251i 4500
003 EG-ScBUE
005 20260121093917.0
008 260121t1998 njuab f b 001 0 eng d
020 _a9780137763030
020 _a0137763034
040 _aEG-ScBUE
_beng
_erda
_cEG-ScBUE
_dEG-ScBUE
082 0 4 _a551.5
_bLUT
_222
100 1 _aLutgens, Frederick K.,
_eauthor.
245 1 4 _aThe atmosphere :
_ban introduction to meteorology /
_cFrederick K. Lutgens, Edward J. Tarbuck, Illinois Central College ; illustrated by Dennis Tasa.
250 _aSeventh edition.
264 1 _aUpper Saddle River, N.J. :
_bPrentice Hall,
_c[1998]
264 4 _cc1998
300 _axiv, 434 pages :
_billustrations (some color), maps (some color) ;
_c26 cm
336 _2rdacontent
_atext
_btxt
337 _aunmediated
_2rdamedia
_bn
338 _avolume
_bnc
_2rdacarrier
504 _aIncludes bibliographical references and index.
650 7 _aAtmosphere.
_2BUEsh
650 7 _aMeteorology.
_2BUEsh
650 7 _aWeather.
_2BUEsh
655 _vReading book
700 1 _aTarbuck, Edward J.,
_eauthor.
700 1 _aTasa, Dennis,
_eillustrator.
942 _cBB
_2ddc
999 _c5859
_d5859